000 00568cam a22002053a 4500
001 39031
003 PGUSA
005 20140828083849.0
008 120302s2012||||xxu|||||s|||||000 | eng d
040 _aPGUSA
_beng
042 _adc
100 1 _aGaboriau, Emile,
_d1832-1873
245 1 0 _aLa dégringolade
_h[electronic resource] /
_cEmile Gaboriau
260 _bProject Gutenberg,
_c2012
506 _aPublic domain in the USA.
516 _aElectronic text
830 0 _aProject Gutenberg
_v39031
856 4 0 _uhttp://www.gutenberg.org/ebooks/39031
942 _cEB
999 _c268284
_d268284